000 00806nam a2200253 a 4500
001 000020688
003 DO-SdBNP
005 20220525133535.0
007 ta
008 100812s2018 a 000 0 spa d
020 _a9789945907278
040 _aDO-SdBNP
_bspa
_cBNPHU
082 4 _bC334p
_222
100 1 _aCasado, Fernando,
_935078
_d1932-
245 1 0 _aPalabra, Canto y testimonio /
_cFernando Casado ; presentación Orlando Cordero
260 _aSanto Domingo :
_bArchivo General de la Nación
_c2018.
300 _a410 p. :
_bil. ;
_c24 cm.
490 1 _aArchivo General de la Nación
_v318
500 _aIncluye datos biográficos e índice onomástico
590 _aInventariado, 2020/YL
830 0 _aArchivo General de la Nación
_n318
_976589
942 _2ddc
_cLBS1
956 _aYLOCKWARD
999 _c20192
_d20192